Comentários à lei das estatais (Lei n° 13.303/2016) / (Record no. 388)
[ view plain ]
| 000 -LÍDER | |
|---|---|
| Campo Fixo de Controle | 00811nam a2200253 a 4500 |
| 001 - NÚMERO DE CONTROLE | |
| Campo de Controle | 388 |
| 003 - IDENTIFICAÇÃO DO NÚMERO DE CONTROLE | |
| Campo de Controle | BR-CuiBMT |
| 005 - DATA E HORA DA ÚLTIMA ATUALIZAÇÃO | |
| Campo de Controle | 20231103144150.0 |
| 008 - DADOS FIXOS | |
| Dados Fixos | 231103s2019 mgb 000 0 por d |
| 020 ## - INTERNATIONAL STANDARD BOOK NUMBER | |
| Nº do ISBN | 9788545006527 |
| 040 ## - AGÊNCIA CATALOGADORA | |
| Código da Agência Catalogadora | BR-CuiBMT |
| Agência que transcreveu o registro | BR-CuiBMT |
| 080 ## - Nº DA CLASSIFICAÇÃO DECIMAL UNIVERSAL | |
| Nº edição CDU | 2007 |
| Nº Class. CDU | 346.24:35 |
| 090 ## - NÚMERO DE CHAMADA | |
| Nº classificação | 346.24:35 |
| Cutter | C732 |
| 245 10 - TÍTULO PRINCIPAL | |
| Título principal | Comentários à lei das estatais (Lei n° 13.303/2016) / |
| Indicação de responsabilidade | Bernardo Strobel Guimarães, Leonardo Coelho Ribeiro; autores ... et al. |
| 260 ## - PUBLICAÇÃO, DISTRIBUIÇÃO, ETC. | |
| Local de publicação | Belo Horizonte : |
| Editora | Fórum, |
| Data | 2019. |
| 300 ## - DESCRIÇÃO FÍSICA | |
| N. páginas ou volumes | 477 p.: |
| Dimensões | 22 cm |
| 504 ## - NOTA DE BIBLIOGRAFIA, ETC. | |
| Nota de bibliografia | Inclui bibliografia. |
| 650 ## - ASSUNTO TÓPICO | |
| Cabeçalho tópico ou nome geográfico | Empresas estatais |
| 650 ## - ASSUNTO TÓPICO | |
| Cabeçalho tópico ou nome geográfico | Administração pública |
| 650 ## - ASSUNTO TÓPICO | |
| Cabeçalho tópico ou nome geográfico | Contas públicas |
| 650 ## - ASSUNTO TÓPICO | |
| Cabeçalho tópico ou nome geográfico | Direito administrador sancionador |
| 700 ## - ENTRADA SECUNDÁRIA -- NOME PESSOAL | |
| Cód. do termo explicativo | Autores |
| Nome pessoal | Guimarães, Bernardo Strobel |
| Termo de relação | et al. |
| 942 ## - ELEMENTOS DE ENTRADA ADICIONAIS (KOHA) | |
| Fonte de classificação ou esquema de arquivamento | Classificação Decimal Universal |
| Tipo de item do Koha | Livros |
| Estado: removido | Estado: perdido | Fonte de classificação ou esquema de arquivamento | Estado: danificado | Indisponível para empréstimo | Localização permanente | Localização atual | Data de aquisição | Total Checkouts | Número de Chamada completo | Código de barras | Date last seen | Número do exemplar | Preço efetivo a partir de | Tipo de item (Koha) |
|---|---|---|---|---|---|---|---|---|---|---|---|---|---|---|
| Classificação Decimal Universal | Biblioteca da Escola Superior de Contas do TCE/MT | Biblioteca da Escola Superior de Contas do TCE/MT | 31/07/2019 | 346.24:35 C732 | BIBTCEMT23110102 | 03/11/2023 | Ex. 1 | 03/11/2023 | Livros | |||||
| Classificação Decimal Universal | Biblioteca da Escola Superior de Contas do TCE/MT | Biblioteca da Escola Superior de Contas do TCE/MT | 31/07/2019 | 346.24:35 C732 | BIBTCEMT23110103 | 03/11/2023 | Ex. 2 | 03/11/2023 | Livros |